00614nam a2200157Ia 4500008004100000100002500041245008300066245006200149260005300211260001600264300000800280650001500288856006100303999001900364952007300383170221s9999 xx 000 0 und d aNorazlina Abd. Wahab aPromoting Housing Affordability in Malaysia: Can Islamic Finance Play a Role?  cNorazlina Abd. Wahab, Hanissah Hamzah, Rosylin Mohd Yusof bInternational Review of Management and Marketing cAugust 2013 a2:3 xMarketing. uhttp://www.econjournals.com/index.php/irmm/issue/view/97 c310318d310318 001040aCLbCLd2017-02-21l0r2017-02-21 00:00:00w2017-02-21yFOJ